| 000 | 00715cab a2200229 4500 | ||
|---|---|---|---|
| 001 | WB3201-06 | ||
| 008 | 090401t1995 xxu||||| |||| 00| 0 eng d | ||
| 035 | _a(Sirsi) u8296 | ||
| 041 | _aeng | ||
| 245 | _aHidden costs of burst pipes | ||
| 260 | _c1995 | ||
| 350 | _a0 | ||
| 490 |
_aRICS Press Release _v(PR175.res) 4 January 1995, (2) |
||
| 520 | _aWarns of the long term effect of burst pipes on the structure of the property including dry rot. | ||
| 650 | _aBURST PIPES | ||
| 650 | _aDAMPNESS | ||
| 650 | _aBUILT ENVIRONMENT-BUILDING PATHOLOGY-INFESTATION (FUNGAL)-FUNGI-DRY ROT | ||
| 650 | _aWATER SATURATION | ||
| 690 | _aBUILT ENVIRONMENT-BUILDING INSPECTION | ||
| 942 | _n0 | ||
| 948 | _c04/03/1997 | ||
| 999 |
_c5085 _d5085 |
||